03544nam a2200349 a 4500001001000000003000900010005001700019008002800036020001800064040002200082082002900104100003800133245007100171250001100242260004400253300002100297490002800318500007400346505191100420505048102331590002602812650002502838650001202863650002902875650002602904700003802930830002702968910004102995942001203036952012903048999001703177000000460DO-SdBNP20230704095001.0081112s2007 dr 000 p spa d a9789945861310 aBPMSUbspacBPMSU 4aRD861.44bN789p 20072221 aNolasco, Flérida de,d1891-197613aLa poesía folklórica en Santo Domingo /cFlérida de Nolasco. a2a ed. aSanto Domingo :bEditora Búho,c2007. a374 p. ;c22 cm.0 aBibliófilos 2000,v20 aIncluye referencias bibliográficas y notas al pie de las páginas.0 tPresentación --tIntroducción --tLiminar --tRimas tradicionales en la región del sur --gProvincia de Azua --tDe amor --tDe amor en sentimiento --tDe amor en fantasía --tPor fantasía --tPor argumento --gSección de Pueblo Viejo --tDe amor en sentimiento --gProvincia de Barahona --gSección de pesquería --tDe amor en sentimiento --tPor fantasía --tPor argumento --gSierra de Bahoruco --tCoplas romanceadas --gDe el arroyo --tCoplas --gCabral --tPor argumento --tCoplas --gSección Las Salinas --tDe amor --tPor argumento --tCoplas romanceadas --gEnriquillo --tDe amor --tDe amor por fantasía --tEn desafío --tPor argumento --tA lo divino --tDe argumento a lo divino --tCoplas romanceadas --tCoplas --gSección Naranjal --tDe amor --gSección Trujín (Oviedo) --tDe amor en sentimiento --tDe amor por fantasía --tPor fantasía --tA lo divino --tCoplas --gDistrito de Paraíso --tDe amor --tDe amor en sentimiento --tDe amor por fantasía --tVariante en Argentina --tPor fantasía --tEn desafío --tPor argumento --tA lo divino --tCoplas --tCoplas romanceadas --gProvincia de Bahoruco, Neiba --tDe amor --tVariante (recogida en Enriquillo) --tDe amor en sentimiento --tPor argumento --tCoplas --gDuvergé --tCoplas --tCantar de plena --gProvincia Benefactor San Juan de la Maguana --tDe amor --tPor fantasía --tEn desafío a lo divino --tPor argumento --tEn argumento mayor --tA lo divino --tCoplas --gLas Matas de Farfán --tDe amor --tDe amor en sentimiento --tDe amor por fantasía --tPor argumento --tEn desafío --tEn desafío a lo divino --tCoplas --tCoplas romanceadas --tCantares de plena --gProvincia Trujillo Valdez, Baní --tDe amor --tDe amor en sentimiento --tPor fantasía --tPor argumento --tCoplasgSección de Boca Canasta --tCoplas --gSan CristobaltCoplas --0 gDistrito de Santo Domingo, Campos Aledaños --tCoplas --gProvincia del Seibo --tPor fantasía --tLeyenda --tPor argumentogHigüey --tDe amortDe amor por fantasía --tCoplas --tRomances tradicionales --tEl romance de el niño --tRomancillos de nochebueno --tOtros romanances --tLa utopía de lo autóctono --tTradiciones entre casa --tPor qué no tenemos folklore negro --tJuicios críticos --tMurió el toro que pitabagSección de Boca Canasta -- 6Inventariado, 2023/VM 4aPoesía dominicana  4aFolclor 4aLiteratura folclórica  4aLiteratura dominicana1 aOlivo Álvarez, Sócrates,eed. 0aBibliófilos 2000v20 aVMateo V. Control de calidad (BPMSU) 2ddccBK 00102ddc4051708CDaBPMETbBPMETd2023-07-04l0oBPMSU CD RD861.44 N789p 2007pBPMSU23070002r2023-07-04w2023-07-04yBK c14394d14394